Central Library OPAC University of Rajshahi

The law of bails : (Record no. 45947)

MARC details
000 -LEADER
fixed length control field 00684cam a22002291 4500
001 - CONTROL NUMBER
control field 45947
003 - CONTROL NUMBER IDENTIFIER
rucl marc code BD-RjUL
005 - DATE AND TIME OF LATEST TRANSACTION
control field 20211209054104.0
008 - FIXED-LENGTH DATA ELEMENTS--GENERAL INFORMATION
fixed length control field 160730s1967 pk 000 0 eng
035 ## - SYSTEM CONTROL NUMBER
System control number BD-RjUL46065
System control number (NNC)4916236
040 ## - CATALOGING SOURCE
Original cataloging agency DLC
Transcribing agency DLC
Modifying agency OCLCQ
Language of cataloging eng
041 ## - LANGUAGE CODE
Language code of text/sound track or separate title eng
082 ## - DEWEY DECIMAL CLASSIFICATION NUMBER
Classification number 343.095491
Author mark and year SAL 1967
098 ## - OTHER CLASSIFICATION SCHEMES (OCLC)
Call number based on other classification scheme 1287
100 1# - MAIN ENTRY--PERSONAL NAME
Personal name Sabri, masud-ul-hassan khan
9 (RLIN) 140508
245 14 - TITLE STATEMENT
Title The law of bails :
Remainder of title Arrest, search and seizure with criminal investigation & inquiry /
Statement of responsibility, etc. Masud-ul-hassan khan Sabri
260 ## - PUBLICATION, DISTRIBUTION, ETC. (IMPRINT)
Place of publication, distribution, etc. Lahore :
Name of publisher, distributor, etc. Khyber Pub. House,
Date of publication, distribution, etc. 1967.
300 ## - PHYSICAL DESCRIPTION
Pagination 416 p. ;
Size 24 cm.
650 #0 - SUBJECT ADDED ENTRY--TOPICAL TERM
Topical term or geographic name as entry element Bail
Geographic subdivision Pakistan.
9 (RLIN) 140509
942 ## - ADDED ENTRY ELEMENTS (KOHA)
Source of classification or shelving scheme Dewey Decimal Classification
Koha item type Books
Holdings
Lost status Source of classification or shelving scheme Damaged status Not for loan Collection code Permanent Location Current Location Shelving location Date acquired Source of acquisition Cost, normal purchase price Total Checkouts Full call number Date last seen Copy number Koha item type
  Dewey Decimal Classification     Non-fiction Central Library, University of Rajshahi Central Library, University of Rajshahi   23/08/1972 Warri Book Centre 20.00   343.095491 SAL 1967 30/07/2016 C-2 Books